[Event "Pan American-ch U1700"]
[Site "Timbo"]
[Date "2021.12.04"]
[Round "8"]
[White "Cuco, Gustavo Henrique"]
[Black "Jardim, Tamiris Salvador"]
[Result "1-0"]
[WhiteElo "1153"]
[BlackElo "1503"]
[PlyCount "98"]
[EventDate "2021.12.01"]
[EventType "swiss"]
[EventRounds "9"]
[EventCountry "BRA"]
[SourceTitle "CBM 205 Extra"]
[Source "ChessBase"]
[SourceDate "2022.01.31"]
[SourceVersion "1"]
[SourceVersionDate "2022.01.31"]
[SourceQuality "1"]

1. e4 c5 2. Bc4 e6 3. c3 d6 4. Nf3 Nf6 5. d3 Be7 6. 0-0 a6 7. Bb3 Nbd7 8. Re1 Qc7 9. Nbd2 b5 10. Bc2 0-0 11. Nf1 Bb7 12. Bg5 h6 13. Bh4 Rac8 14. Ng3 Ne5 15. Nxe5 dxe5 16. Nh5 Qd8 17. Re3 Nxh5 18. Bxe7 Qxe7 19. Qxh5 Qg5 20. Qxg5 hxg5 21. Rg3 f6 22. f3 Rfd8 23. Rd1 c4 24. Kf2 Rd7 25. dxc4 Rxd1 26. Bxd1 bxc4 27. Rh3 Rd8 28. Ke2 g6 29. g4 Kg7 30. Bc2 Bc6 31. Rg3 a5 32. b3 Bb5 33. Ke3 Rd6 34. Rg1 Rd8 35. Rd1 Rxd1 36. Bxd1 Kf7 37. Be2 cxb3 38. axb3 Bxe2 39. Kxe2 Ke7 40. Kd3 Kd6 41. c4 f5 42. Kc3 Kc6 43. b4 axb4+ 44. Kxb4 Kb6 45. c5+ Kc6 46. Kc4 f4 47. h3 Kc7 48. Kb5 Kb8 49. Kb6 Kc8 1-0

[Event "Campos do Jordao op"]
[Site "Campos do Jordao"]
[Date "2020.11.08"]
[Round "5"]
[White "Jardim, Tamiris Salvador"]
[Black "Deus Filho, Joaquim"]
[Result "0-1"]
[WhiteElo "1497"]
[BlackElo "1899"]
[PlyCount "107"]
[EventDate "2020.11.06"]
[EventType "swiss"]
[EventRounds "5"]
[EventCountry "BRA"]
[SourceTitle "CBM 199 Extra"]
[Source "ChessBase"]
[SourceDate "2021.01.31"]
[SourceVersion "1"]
[SourceVersionDate "2021.01.31"]
[SourceQuality "1"]

1. e4 e6 2. d4 b6 3. Nc3 Bb7 4. Nf3 Bb4 5. Bd3 Bxc3+ 6. bxc3 d6 7. 0-0 Nd7 8. Qe2 e5 9. Ba3 Ne7 10. d5 a5 11. Rab1 0-0 12. c4 Bc8 13. c3 Nc5 14. Bxc5 bxc5 15. Rb2 Ng6 16. Bc2 Nf4 17. Qd1 Bg4 18. h3 Bh5 19. Kh2 Qd7 20. Ba4 Qc8 21. Bc6 Rb8 22. Rxb8 Qxb8 23. g4 Bg6 24. Qc2 Qd8 25. Rb1 Qf6 26. g5 Qe7 27. Rg1 f5 28. Nh4 fxe4 29. Nxg6 Nxg6 30. Rg2 Nf4 31. Qxe4 Nxg2 32. Qxg2 Qf7 33. Kg1 Qf3 34. Qh2 Rf5 35. h4 Rf4 36. Bd7 Rxc4 37. h5 Rxc3 38. Bb5 Rc1+ 39. Bf1 Qe2 40. Qh3 Qxf1+ 41. Qxf1 Rxf1+ 42. Kxf1 h6 43. g6 Kf8 44. Ke2 Ke7 45. Kd3 Kf6 46. Kc4 e4 47. Kb5 Ke5 48. Kxa5 Kxd5 49. Kb5 c6+ 50. Kb6 c4 51. a4 c3 52. a5 c2 53. a6 c1Q 54. a7 0-1

[Event "Varginha Mineiro-ch"]
[Site "Varginha"]
[Date "2020.09.04"]
[Round "1"]
[White "Deus Filho, Joaquim"]
[Black "Jardim, Tamiris Salvador"]
[Result "1-0"]
[WhiteElo "1908"]
[BlackElo "1486"]
[PlyCount "123"]
[EventDate "2020.09.04"]
[EventType "swiss"]
[EventRounds "7"]
[EventCountry "BRA"]
[SourceTitle "EXT 2021"]
[Source "ChessBase"]
[SourceDate "2020.10.23"]
[SourceVersion "1"]
[SourceVersionDate "2020.10.23"]
[SourceQuality "1"]

1. e4 c5 2. b3 d6 3. Bb2 e6 4. Nf3 Nf6 5. Bb5+ Bd7 6. a4 Nc6 7. d3 Be7 8. 0-0 a6 9. Bxc6 Bxc6 10. a5 0-0 11. Nbd2 Nd7 12. Nc4 Bf6 13. Bxf6 Nxf6 14. Re1 Qc7 15. e5 Ne8 16. exd6 Nxd6 17. Nb6 Rad8 18. Ne5 Nc8 19. Nbc4 Nd6 20. Nxc6 Qxc6 21. Ne5 Qc7 22. Qg4 Nf5 23. Qc4 Rd4 24. Qc3 Rh4 25. g3 Rd4 26. Nf3 Rd7 27. Ra4 Rfd8 28. Rc4 Rd5 29. Ra4 Nd4 30. Nxd4 Rxd4 31. Re4 Rxa4 32. Rxa4 Qd6 33. Rc4 Rc8 34. b4 b6 35. axb6 Qxb6 36. Rxc5 Rxc5 37. Qxc5 Qxc5 38. bxc5 Kf8 39. Kf1 Ke8 40. Ke2 Kd7 41. Kd2 Kc6 42. d4 f6 43. c3 a5 44. Kc2 g5 45. Kb3 Kb5 46. c4+ Kc6 47. f4 h6 48. Ka4 gxf4 49. gxf4 h5 50. Kxa5 h4 51. Kb4 h3 52. Kc3 e5 53. dxe5 fxe5 54. fxe5 Kxc5 55. Kd3 Kc6 56. Ke4 Kc5 57. e6 Kd6 58. Kf5 Ke7 59. Ke5 Ke8 60. Kd6 Kd8 61. e7+ Ke8 62. c5 1-0

[Event "Sao Paulo Carnaval op"]
[Site "Sao Paulo"]
[Date "2020.02.23"]
[Round "3"]
[White "Pereira, Thiago Henrique"]
[Black "Jardim, Tamiris Salvador"]
[Result "1/2-1/2"]
[WhiteElo "1795"]
[BlackElo "1485"]
[PlyCount "58"]
[EventDate "2020.02.22"]
[EventType "swiss"]
[EventRounds "7"]
[EventCountry "BRA"]
[SourceTitle "CBM 195 Extra"]
[Source "ChessBase"]
[SourceDate "2020.05.31"]
[SourceVersion "1"]
[SourceVersionDate "2020.05.31"]
[SourceQuality "1"]

1. e4 c5 2. Nf3 e6 3. d4 cxd4 4. Nxd4 Nf6 5. Nc3 d6 6. Be2 a6 7. Bf3 Nbd7 8. 0-0 Qc7 9. Bg5 Be7 10. Re1 0-0 11. Bh4 Ne5 12. Bg3 Nxf3+ 13. Qxf3 b5 14. e5 Bb7 15. exd6 Bxf3 16. dxc7 Bb7 17. Nf5 Bb4 18. Nd6 Bxd6 19. Bxd6 Rfc8 20. f3 Ne8 21. Rad1 Nxc7 22. Ne4 Ne8 23. c3 Bd5 24. Bg3 Bxa2 25. Nd6 Nxd6 26. Rxd6 Bb3 27. Rb6 h6 28. Ra1 Rd8 29. Bf4 Rd1+ 1/2-1/2

[Event "Florianopolis op 6th"]
[Site "Florianopolis"]
[Date "2020.01.21"]
[Round "3"]
[White "Baeta, Marcio Netto"]
[Black "Jardim, Tamiris Salvador"]
[Result "0-1"]
[WhiteElo "1953"]
[BlackElo "1418"]
[PlyCount "54"]
[EventDate "2020.01.20"]
[EventType "swiss"]
[EventRounds "10"]
[EventCountry "BRA"]
[SourceTitle "CBM 194 Extra"]
[Source "ChessBase"]
[SourceDate "2020.03.31"]
[SourceVersion "1"]
[SourceVersionDate "2020.03.31"]
[SourceQuality "1"]

1. e4 c5 2. d4 cxd4 3. Nf3 e6 4. Nxd4 Nf6 5. Bd3 d6 6. c4 Nbd7 7. Nc3 a6 8. Be3 Qc7 9. Rc1 b6 10. g4 Nc5 11. Bb1 h6 12. b4 Ncd7 13. b5 a5 14. f4 Bb7 15. g5 hxg5 16. fxg5 Nh7 17. g6 Nhf6 18. gxf7+ Kxf7 19. 0-0 d5 20. Bf4 e5 21. Nxd5 Bxd5 22. cxd5 Bc5 23. Kh1 exf4 24. Ne6 Rxh2+ 25. Kxh2 Rh8+ 26. Kg2 f3+ 27. Kxf3 Rh3+ 0-1

[Event "Sudeste/Centro-Oeste-ch U1600"]
[Site "Barbacena"]
[Date "2019.10.26"]
[Round "4"]
[White "De Amorim, Walter Rymundo"]
[Black "Jardim, Tamiris Salvador"]
[Result "0-1"]
[WhiteElo "1488"]
[BlackElo "1370"]
[PlyCount "106"]
[EventDate "2019.10.25"]
[EventType "swiss"]
[EventRounds "6"]
[EventCountry "BRA"]
[SourceTitle "CBM 193 Extra"]
[Source "ChessBase"]
[SourceDate "2020.01.31"]
[SourceVersion "1"]
[SourceVersionDate "2020.01.31"]
[SourceQuality "1"]

1. c4 c5 2. Nc3 Nf6 3. d3 e6 4. Nf3 Be7 5. g3 Nc6 6. Bg2 a6 7. 0-0 Rb8 8. Re1 0-0 9. e4 d6 10. Bg5 Qc7 11. Rc1 h6 12. Bf4 Nh5 13. Be3 b5 14. cxb5 axb5 15. b3 Nf6 16. Bf4 e5 17. Be3 Bg4 18. h3 Be6 19. Qd2 Nh7 20. Nh2 Qd7 21. g4 Bh4 22. Rf1 Nd4 23. f4 exf4 24. Bxf4 Ng5 25. Kh1 Rb6 26. Nd1 Ra6 27. Be3 Qa7 28. Bxd4 cxd4 29. Rc2 Bc8 30. Nf2 Bb7 31. Re1 Ra8 32. Re2 Bc6 33. Nf3 Nxf3 34. Bxf3 Qe7 35. Qf4 Bg5 36. Qg3 Qf6 37. Qg2 Bh4 38. Kg1 Qg5 39. e5 Bxf3 40. Qxf3 dxe5 41. Ne4 Qe7 42. Ng3 Bg5 43. Nf5 Qf6 44. Qe4 g6 45. Ng3 Be3+ 46. Kg2 Qg5 47. Qd5 R8a7 48. Qxb5 Kg7 49. Ne4 Qf4 50. Rc6 Rxa2 51. Rcc2 Rxc2 52. Rxc2 Ra1 53. Ng3 Rg1+ 0-1

[Event "BRA-ch Amateur U1800"]
[Site "Sao Paulo"]
[Date "2019.06.20"]
[Round "2"]
[White "Jardim, Tamiris Salvador"]
[Black "Lara, Diego Costa"]
[Result "0-1"]
[WhiteElo "1339"]
[BlackElo "1729"]
[PlyCount "112"]
[EventDate "2019.06.20"]
[EventType "swiss"]
[EventRounds "7"]
[EventCountry "BRA"]
[SourceTitle "CBM 195 Extra"]
[Source "ChessBase"]
[SourceDate "2020.05.31"]
[SourceVersion "1"]
[SourceVersionDate "2020.05.31"]
[SourceQuality "1"]

1. e4 e6 2. d4 d5 3. Nc3 Bb4 4. Bd3 c5 5. a3 cxd4 6. axb4 dxc3 7. exd5 Qxd5 8. Nf3 Nc6 9. bxc3 Ne5 10. Be2 Qxd1+ 11. Bxd1 Nc4 12. Be2 Nb6 13. 0-0 Nf6 14. Bd3 0-0 15. Rd1 a6 16. c4 Bd7 17. Ne5 Bc8 18. Bg5 Nfd7 19. Nf3 f6 20. Be3 Rb8 21. b5 axb5 22. cxb5 Nd5 23. Bc4 N7b6 24. Bxb6 Nxb6 25. Bb3 Re8 26. Rd6 Nd5 27. Bxd5 exd5 28. Rxd5 Be6 29. Rd6 Bc4 30. b6 Re2 31. Rd2 Rbe8 32. h3 Bb5 33. Rad1 Ba4 34. Rd8 Rxc2 35. Rxe8+ Bxe8 36. Rd8 Kf7 37. Nd4 Rb2 38. Rd6 Rb4 39. Nc2 Rb1+ 40. Kh2 Ke7 41. Rd2 Rxb6 42. Nd4 Bd7 43. g4 Rd6 44. Kg3 b5 45. Kf3 Ra6 46. Re2+ Kd6 47. Rb2 Kc5 48. Nc2 Kc4 49. Ke3 Kc3 50. Nb4 Re6+ 51. Kf4 Kxb2 52. Nd3+ Ka3 53. Nc5 Rd6 54. Ne4 Rd4 55. Ke3 Rxe4+ 56. Kxe4 b4 0-1

[Event "Vale Paraibano-ch"]
[Site "Taubate"]
[Date "2019.05.05"]
[Round "5"]
[White "Jardim, Tamiris Salvador"]
[Black "Hernandez, Monica Maigut"]
[Result "1/2-1/2"]
[WhiteElo "1359"]
[BlackElo "1157"]
[PlyCount "105"]
[EventDate "2019.05.04"]
[EventType "swiss"]
[EventRounds "5"]
[EventCountry "BRA"]
[SourceTitle "CBM 190 Extra"]
[Source "ChessBase"]
[SourceDate "2019.07.15"]
[SourceVersion "1"]
[SourceVersionDate "2019.07.15"]
[SourceQuality "1"]

1. e4 c5 2. Nf3 Nc6 3. d4 cxd4 4. Nxd4 g6 5. Nc3 Bg7 6. Be3 Nf6 7. Be2 0-0 8. Qd2 d6 9. h3 Nxd4 10. Bxd4 a6 11. Be3 b5 12. a3 Bb7 13. f3 Rc8 14. Bh6 Qd7 15. g4 Qc6 16. Bxg7 Kxg7 17. h4 Nd7 18. h5 Ne5 19. hxg6 fxg6 20. Qh6+ Kf7 21. Qxh7+ Ke8 22. Nd5 Rf7 23. Qh8+ Kd7 24. Qh3 e6 25. Nc3 Rcf8 26. 0-0-0 Qb6 27. Qh6 Nxf3 28. Bxf3 Rxf3 29. Qd2 Qe3 30. Rh7+ Kc6 31. Qxe3 Rxe3 32. Rg7 Rg3 33. Rxg6 Bc8 34. Ne2 Rg2 35. Nd4+ Kb6 36. Nxe6 Bxe6 37. Rxe6 Rd8 38. Rexd6+ Rxd6 39. Rxd6+ Ka7 40. Rg6 Re2 41. Re6 Rg2 42. e5 Rxg4 43. Rd6 Re4 44. e6 Kb7 45. Kd2 a5 46. Kd3 Re1 47. Kd4 Kc7 48. Kc5 Re5+ 49. Rd5 Rxe6 50. Kd4 Kc6 51. Rc5+ Kb6 52. Kd5 Rh6 53. Rc3 1/2-1/2